Die Industrialisierung in Deutschland 1800 bis 1914

Guardat en:
Dades bibliogràfiques
Autor principal: Henning, Friedrich-Wilhelm (Autor)
Format: Llibre
Idioma:alemany
Publicat: Paderborn Ferdinand Schöningh 1973
Col·lecció:Uni-Taschenbücher, 145
Matèries:
Etiquetes: Afegir etiqueta
Sense etiquetes, Sigues el primer a etiquetar aquest registre!

MARC

LEADER 00000nam a2200000 a 4500
001 UCN7270
003 CL-VaPUC
008 011012e19730000GW |||||||||||||||||ger|d
082 0 4 |a 943.08  |b HEN  |2 21 
100 0 |a Henning, Friedrich-Wilhelm  |e author  |9 463145 
245 1 4 |a Die Industrialisierung in Deutschland 1800 bis 1914 
300 |a 304 p 
942 |c BK 
945 |d 20011012 00:00:00  |a crobeson 
260 |a Paderborn  |b Ferdinand Schöningh  |c 1973 
650 7 |a INDUSTRIALIZACION - HISTORIA  |2 CL-VaPUC  |9 437303 
650 7 |a HISTORIA ALEMANA - 1800-1914  |2 CL-VaPUC  |9 463146 
583 |a last modification  |c 20011012 00:00:00  |k Rodrigo Vera 
490 0 |a Uni-Taschenbücher, 145 
999 |c 297670  |d 297668 
952 |0 0  |1 0  |4 0  |6 943_080000000000000_HEN_1973  |7 0  |8 A  |9 352593  |a BIBHIS  |b BIBHIS  |d 2019-11-21  |i 3742814  |o 943.08 HEN 1973  |p 3742814  |r 2025-01-20  |w 2019-11-21  |y BK  |k HIS